000 00561nam a2200229Ia 4500
003 OSt
005 20220924153442.0
006 a|||||r|||| 00| 0
007 ta
008 220923b |||||||| |||| 00| 0 tam d
024 _a350282
037 _cTextual
040 _aARTS
_cARTS
_btam
041 _2tam
_atam
082 _aV2:51y7NTH, 31M8
100 _aTiyagu
_9228871
245 0 _aChuvarukkul chitrangal
260 _c1988
650 _aHISTORY
942 _hV2:51y7NTH, 31M8
_cTEXL
_2CC
999 _c473664
_d473664